000 00628nam a2200229Ia 4500
003 OSt
005 20221006164359.0
006 a|||||r|||| 00| 0
007 ta
008 221006b |||||||| |||| 00| 0 eng d
024 _a3,446
037 _cTextual
040 _aFML
_cFML
_beng
041 _2eng
_aeng
082 _aO15v, 111J9;K3.3 -1
100 _aWinternitz M Au.
_9677323
245 0 _aA History of Indian Literature
260 _aNew Delhi
_bMotilal Banarasidas
_c1963
300 _a452
_ccm.
942 _hO15v, 111J9;K3.3 -1
_cTEXL
_2CC
999 _c1117068
_d1117068